Rethinking economic growth towards productive and inclusive Arab societies.

Bibliographic Details
Corporate Author: ProQuest (Firm)
Format: Electronic eBook
Language:English
Published: Beirut : ILO Regional Office for the Arab States, 2012.
Subjects:
Online Access:Click to View
LEADER 01300nam a2200337 a 4500
001 EBC1179571
003 MiAaPQ
005 20200520144314.0
006 m o d |
007 cr cn|||||||||
008 130524s2012 le ad sb 000 0 eng d
020 |z 9789221267799 
020 |a 9789221267805 (electronic bk.) 
035 |a (MiAaPQ)EBC1179571 
035 |a (Au-PeEL)EBL1179571 
035 |a (CaPaEBR)ebr10700470 
035 |a (OCoLC)843200364 
040 |a MiAaPQ  |c MiAaPQ  |d MiAaPQ 
043 |a ma----- 
050 4 |a HC498  |b .R48 2012 
245 0 0 |a Rethinking economic growth  |h [electronic resource] :  |b towards productive and inclusive Arab societies. 
260 |a Beirut :  |b ILO Regional Office for the Arab States,  |c 2012. 
300 |a 149 p. :  |b ill. (some col.) 
504 |a Includes bibliographical references. 
533 |a Electronic reproduction. Ann Arbor, MI : ProQuest, 2015. Available via World Wide Web. Access may be limited to ProQuest affiliated libraries. 
650 0 |a Economic development  |z Arab countries. 
651 0 |a Arab countries  |x Economic conditions. 
651 0 |a Arab countries  |x Social conditions. 
655 4 |a Electronic books. 
710 2 |a ProQuest (Firm) 
856 4 0 |u https://ebookcentral.proquest.com/lib/matrademy/detail.action?docID=1179571  |z Click to View